Ängeln på sjunde trappsteget : (Post nr. 56716)

MARC-detaljer
000 -LEADER
fixed length control field 04609cam a2200925 4500
001 - CONTROL NUMBER
control field 7247856
003 - CONTROL NUMBER IDENTIFIER
control field LIBRIS
005 - DATE AND TIME OF LATEST TRANSACTION
control field 20210317104137.0
008 - FIXED-LENGTH DATA ELEMENTS--GENERAL INFORMATION
fixed length control field 011211s1998 sw |||||||||||000 0aswe|
020 ## - INTERNATIONAL STANDARD BOOK NUMBER
International Standard Book Number 9134520368
Qualifying information INB.
Terms of availability 145:00
040 ## - CATALOGING SOURCE
Original cataloging agency NB
041 1# - LANGUAGE CODE
Language code of text/sound track or separate title swe
Language code of original eng
082 04 - DEWEY DECIMAL CLASSIFICATION NUMBER
Classification number 929.20899162073
Edition number 23/swe
083 0# - ADDITIONAL DEWEY DECIMAL CLASSIFICATION NUMBER
Classification number 823.914
Edition number 22
084 ## - OTHER CLASSIFICATION NUMBER
Classification number Lz McCourt, Frank
Number source kssb/6
084 ## - OTHER CLASSIFICATION NUMBER
Classification number He.01=c
Number source kssb/6
084 ## - OTHER CLASSIFICATION NUMBER
Classification number Hcee.01
Number source kssb/6
084 ## - OTHER CLASSIFICATION NUMBER
Classification number Lz McCourt, Frank
Number source kssb/6
100 1# - MAIN ENTRY--PERSONAL NAME
Personal name McCourt, Frank
Relationship aut
Authority record control number or standard number https://libris.kb.se/42gjdfln4jl2t4t#it
240 10 - UNIFORM TITLE
Uniform title Angela's ashes
Language of a work Svenska
245 10 - TITLE STATEMENT
Title Ängeln på sjunde trappsteget :
Remainder of title en irländsk barndom /
Statement of responsibility, etc. Frank McCourt ; översättning: Thomas Preis.
250 ## - EDITION STATEMENT
Edition statement [Ny utg.]
264 #1 - PRODUCTION, PUBLICATION, DISTRIBUTION, MANUFACTURE, AND COPYRIGHT NOTICE
Place of production, publication, distribution, manufacture Stockholm :
Name of producer, publisher, distributor, manufacturer Bonnier,
Date of production, publication, distribution, manufacture, or copyright notice 1998
264 #3 - PRODUCTION, PUBLICATION, DISTRIBUTION, MANUFACTURE, AND COPYRIGHT NOTICE
Place of production, publication, distribution, manufacture Smedjebacken :
Name of producer, publisher, distributor, manufacturer Fälth & Hässler
300 ## - PHYSICAL DESCRIPTION
Extent 455, [1] s.
Dimensions 24 cm
500 ## - GENERAL NOTE
General note Även tillg. med tryckår: 2.-5. tr, 1998 ; 6.-7. tr., 1999 ; 8. tr., 2000 ; 9. tr., 2000
700 1# - ADDED ENTRY--PERSONAL NAME
Personal name Preis, Thomas,
Dates associated with a name 1938-2018
Relationship trl
Authority record control number or standard number https://libris.kb.se/ljx0221430mlm0k#it
887 ## - NON-MARC INFORMATION FIELD
Content of non-MARC field {"@id":"vc51smc61chfn18","modified":"2019-06-12T17:25:52.929+02:00","checksum":"179282682761"}
Source of data librisxl
887 ## - NON-MARC INFORMATION FIELD
Content of non-MARC field {"@id":"9fm9d3lg1kxkjdd","modified":"2014-08-25T11:49:57+02:00","checksum":"155860318141"}
Source of data librisxl
887 ## - NON-MARC INFORMATION FIELD
Content of non-MARC field {"@id":"bgnjtq7h29q37c3","modified":"2006-12-18T11:31:41+01:00","checksum":"149126223390"}
Source of data librisxl
887 ## - NON-MARC INFORMATION FIELD
Content of non-MARC field {"@id":"qv2120qw04vtp5n","modified":"2008-08-19T11:55:23+02:00","checksum":"167672613126"}
Source of data librisxl
887 ## - NON-MARC INFORMATION FIELD
Content of non-MARC field {"@id":"pt044ktv3x9gkz6","modified":"2013-06-20T13:21:42+02:00","checksum":"172635090169"}
Source of data librisxl
887 ## - NON-MARC INFORMATION FIELD
Content of non-MARC field {"@id":"sx377nxz1cb86g5","modified":"2020-02-26T14:10:24.785+01:00","checksum":"161640813407"}
Source of data librisxl
887 ## - NON-MARC INFORMATION FIELD
Content of non-MARC field {"@id":"tz488q003hchbkm","modified":"2018-06-05T11:13:38.918+02:00","checksum":"150559906968"}
Source of data librisxl
887 ## - NON-MARC INFORMATION FIELD
Content of non-MARC field {"@id":"9flfvflg2xkfk7r","modified":"2013-05-24T09:07:47+02:00","checksum":"189331848148"}
Source of data librisxl
887 ## - NON-MARC INFORMATION FIELD
Content of non-MARC field {"@id":"w16bbs222px3ng1","modified":"2018-06-05T11:13:38.921+02:00","checksum":"153873729810"}
Source of data librisxl
887 ## - NON-MARC INFORMATION FIELD
Content of non-MARC field {"@id":"z38ddv443nb14n8","modified":"2018-06-05T11:13:38.924+02:00","checksum":"151798137086"}
Source of data librisxl
887 ## - NON-MARC INFORMATION FIELD
Content of non-MARC field {"@id":"049ffw555bpmrmj","modified":"2018-06-05T11:13:38.929+02:00","checksum":"177154504661"}
Source of data librisxl
887 ## - NON-MARC INFORMATION FIELD
Content of non-MARC field {"@id":"15bggx662lj3g8n","modified":"2018-06-05T11:13:38.935+02:00","checksum":"178894188568"}
Source of data librisxl
887 ## - NON-MARC INFORMATION FIELD
Content of non-MARC field {"@id":"lqxcwgqr33nh614","modified":"2012-06-25T11:25:14+02:00","checksum":"163349035982"}
Source of data librisxl
887 ## - NON-MARC INFORMATION FIELD
Content of non-MARC field {"@id":"26chhz7704ndhmx","modified":"2018-06-05T11:13:38.937+02:00","checksum":"160954340119"}
Source of data librisxl
887 ## - NON-MARC INFORMATION FIELD
Content of non-MARC field {"@id":"hmtxn18n5lhs133","modified":"2013-07-31T11:31:27+02:00","checksum":"156404159826"}
Source of data librisxl
887 ## - NON-MARC INFORMATION FIELD
Content of non-MARC field {"@id":"37djj0883fvmhdr","modified":"2018-06-05T11:13:38.939+02:00","checksum":"172844155326"}
Source of data librisxl
887 ## - NON-MARC INFORMATION FIELD
Content of non-MARC field {"@id":"6bjc5llc15fncjd","modified":"2006-08-18T11:42:09+02:00","checksum":"182199695093"}
Source of data librisxl
900 1s - EQUIVALENCE OR CROSS-REFERENCE-PERSONAL NAME [LOCAL, CANADA]
Linkage 100
Affiliation McCourt, Frank
942 ## - ADDED ENTRY ELEMENTS (KOHA)
Source of classification or shelving scheme Other/Generic Classification Scheme
Koha item type Bok
Bestånd
Withdrawn status Lost status Source of classification or shelving scheme Damaged status Not for loan Home library Current library Shelving location Date acquired Total Checkouts Full call number Barcode Date last seen Price effective from Koha item type
    Other/Generic Classification Scheme     Karlskoga Lasarettsbibliotek Karlskoga Lasarettsbibliotek Magasin 17/03/2021   Lz 22002231883B5 17/03/2021 17/03/2021 Bok
Medicinska biblioteket, Karlskoga lasarett
Måndag och onsdag: 10.00-14.30, Lunchstängt 11.30-12.00.
Fredagar: 10.00-12.00.

Madelene Ribbing, bibliotekarie
Lena Mileraux, biblioteksassistent/administratör
0586-664 49
medbibl.kgalas@regionorebrolan.se




Medicinska biblioteket, Lindesbergs lasarett
Dörren till bibliotket är upplåst mellan 07-16:00 på vardagar.
Dörren i hisshallen är öppen måndag - tosdag 7.00 - 15.00. Fredagar stängt.

Bibliotekets bemanning:
Mån: självbetjäning
Tis, ons och tors: 10-15
Fre: självbetjäning

Madelene Ribbing, bibliotekarie
Telefon: 0581-853 11, 072-14 77 552
medbibl.lbglas@regionorebrolan.se